جس کی عظمت ميں گھنٹے بجتے ہيں (Record no. 3225)

MARC details
000 -LEADER
fixed length control field 00911nam a22002417a 4500
005 - DATE AND TIME OF LATEST TRANSACTION
control field 20081106121535.0
008 - FIXED-LENGTH DATA ELEMENTS--GENERAL INFORMATION
fixed length control field 081106t xxu||||| |||| 00| 0 ur d
010 ## - LCCN (DPL NO)
LC control number UR-7327
020 ## - INTERNATIONAL STANDARD BOOK NUMBER
Terms of availability 151.00
035 ## - SYSTEM CONTROL NUMBER
System control number U-5882
037 ## - SOURCE OF ACQUISITION
Source of stock number/acquisition D.B.Act / Pub
082 ## - DEWEY DECIMAL CLASSIFICATION NUMBER
Classification number 842
100 ## - MAIN ENTRY--PERSONAL NAME
Personal name کليم عر فی
245 ## - TITLE STATEMENT
Title جس کی عظمت ميں گھنٹے بجتے ہيں
Remainder of title ڈرامہ
Statement of responsibility, etc کليم عر فی
246 ## - VARYING FORM OF TITLE
Title proper/short title Jiski Azmat Main Ghantey Bajtey Hain
Remainder of title by Kaleem Urfi
260 ## - PUBLICATION, DISTRIBUTION, ETC. (IMPRINT)
Place of publication, distribution, etc الہ آبا د
Name of publisher, distributor, etc مکتبہ جا ويد
Date of publication, distribution, etc 2003
270 ## - ADDRESS
Address 3/4،اٹا لا کالونی،شو کت علی روڈ،
City الہ آباد
Postal code 211003
300 ## - PHYSICAL DESCRIPTION
Extent 144p
Dimensions 22 cm (Pbk.)
650 ## - SUBJECT ADDED ENTRY--TOPICAL TERM
Topical term or geographic name as entry element ڈرامہ
650 ## - SUBJECT ADDED ENTRY--TOPICAL TERM
Topical term or geographic name as entry element Drama
942 ## - ADDED ENTRY ELEMENTS (KOHA)
Institution code [OBSOLETE] dpl
Item type Urdu Bks
Source of classification or shelving scheme Dewey Decimal Classification
Classification part 842
Call number suffix ک ل ی
Holdings
Withdrawn status Lost status Source of classification or shelving scheme Damaged status Not for loan Collection code Home library Current library Date acquired Cost, normal purchase price Total Checkouts Full call number Barcode Date last seen Copy number Cost, replacement price Koha item type
    Dewey Decimal Classification   Not For Loan Non-fiction D.B.Act.Division D.B.Act.Division 06/11/2008 151.00   842 ک ل ی U-5882 15/09/2008 1 151.00 Urdu Bks

© Delhi Public Library
Hit Counter
free hit counter